El festin de Baltasar (Record no. 151919)

MARC details
000 -LEADER
campo de control de longitud fija 00763nam a2200157 i 4500
001 - NÚMERO DE CONTROL
campo de control 151919
003 - IDENTIFICADOR DE NÚMERO DE CONTROL
campo de control ES-MaACL
005 - FECHA Y HORA DE LA ÚLTIMA TRANSACCIÓN
campo de control 20230906204440.0
008 - DATOS DE LONGITUD FIJA--INFORMACIÓN GENERAL
campo de control de longitud fija 931025s1873 sp |||| | spa d
100 1# - ENTRADA PRINCIPAL--NOMBRE DE PERSONA
Nombre de persona Bergaño, Juan.
9 (RLIN) 125931
245 13 - MENCIÓN DEL TÍTULO
Título El festin de Baltasar
Resto del título : juguete cómico en un acto y en verso /
Mención de responsabilidad, etc. original de Juan Bergaño.
260 ## - PUBLICACIÓN, DISTRIBUCIÓN, ETC.
Lugar de publicación, distribución, etc. Madrid :
Nombre del editor, distribuidor, etc. [Carlos Calvacho],
Fecha de publicación, distribución, etc. 1873 (
Fabricante Imprenta de José Rodriguez)
300 ## - DESCRIPCIÓN FÍSICA
Extensión 31 p. ;
Dimensiones 20 cm.
594 ## - Nota al título y mención de responsabilidad
Nota al título y mención de responsabilidad En port.: Estrenada... en el Teatro Romea, en mayo de 1873.
852 ## - LOCALIZACIÓN
Ubicación ES-MaACL
Número de control de estantería F-8593(7)
Nota libre -- Enc. hol., falto de la cub. original
-- -- Enc. en un vol. facticio, formando parte de la col. facticia "Teatro español moderno", vol. 46
Encuadernación -- Edic.: en este ejemp. en port. consta "C.C., número 5"
Holdings
Estatus retirado Estado de pérdida Estado de daño No para préstamo Colección Biblioteca de origen Biblioteca actual Ubicación en estantería Fecha de adquisición Total de préstamos Signatura topográfica completa Código de barras Visto por última vez Precio de reemplazo Tipo de ítem Koha
        Libros del s. XIX Biblioteca del Ateneo de Madrid Biblioteca del Ateneo de Madrid Sala Pecera Planta 2 17/01/2008   F-8593(7) 1158569 23/02/2023 23/02/2023 Libro impreso antiguo